| 000 | 01081nam a22002537a 4500 | ||
|---|---|---|---|
| 005 | 20170809152817.0 | ||
| 010 | _a1516EN07 ENG-114871 | ||
| 020 |
_a9780143424574 _c599.00 |
||
| 035 | _aEN-98403 | ||
| 035 | _aB-605961-978 | ||
| 035 | _aB-664991 | ||
| 037 |
_adpl _bBlueberry/Ven |
||
| 037 | _bDBAD/PUB | ||
| 082 | _a954.01 | ||
| 100 | _aEraly, Abraham | ||
| 245 |
_aThe first spring: _cby Abraham Eraly _blife in the golden age of India / |
||
| 260 |
_bPenguin Books _c2014 _aGurgaon |
||
| 270 |
_a7th Floor, Infinity Tower C, DLF Cyber City _bGurgaon _e122002 |
||
| 300 |
_aPt.1(xv,501p.) _c24cm(pbk) |
||
| 500 | _aIncludes bibliographical references and index | ||
| 942 |
_2ddc _cEN _mERA _h954.01 |
||
| 999 |
_c95900 _d95900 |
||